Datum a čas kvízu
18
Celkem bodů
Celkový počet nahraných bodů na tomto kvízu bez doplňovacích otázek.
6.
Pořadí na kvízu
Konečné umístění týmu na tomto kvízu.
Zaznamenané odpovědi
| # | Otázka | Odpověď | Body | Výsledky |
|---|---|---|---|---|
| 1. | Jedenáct klavírů a pian českéh... | Karel Komárek | 0 | |
| 2. | V britském městě Ipswich pojme... | Ivan Blatný | 0 | |
| 3. | V úterý oslavila úctyhodné 10... | Meda Mládková | 0 | |
| 4. | Američtí biologové naklonovali... | Převalského | 1 | |
| 5. | Jak se jmenuje zkušený hokejis... | Tomáš Plekanec | 0 | |
| 6. | Za celou historii udělování No... | Marie Curie-Skłodowská | 0 | |
| 7. | Pouze dvěma Čechům v historii... | Jaroslav Heyrovský, Jaroslav Seifert | 0.5 | |
| 8. | Dva laureáti Nobelovy ceny za... | Boris Pasternak, Jean-Paul Sartre | 0 | |
| 9. | Přiřaďte laureáty Nobelových c... | 1D 2B 3C 4A | 0 | |
| 10. | Vyberte nepravdivé tvrzení o p... | C | 0 |